Ekonomicko-environmentálna dimenzia OBSE bakalárska práca

Na minha lista:
Detalhes bibliográficos
Autor principal: Sojka, Samuel
Autor Corporativo: Fakulta medzinárodných vzťahov EU. Katedra medzinárodných politických vzťahov
Outros Autores: Goda, Samuel
Formato: Livro
Idioma:eslovaco
Publicado em: Bratislava 2019
Tags: Adicionar Tag
Sem tags, seja o primeiro a adicionar uma tag!

MARC

LEADER 00000nbm a2200000 4500
001 0255195
005 20191002110318.6
041 0 |a slo 
044 |a SK 
245 1 0 |a Ekonomicko-environmentálna dimenzia OBSE  |b bakalárska práca  |c Samuel Sojka ; školiteľ: Samuel Goda 
264 1 |a Bratislava  |c 2019 
300 |a 47 s. 
100 1 |a Sojka, Samuel 
700 1 |a Goda, Samuel 
710 2 |a Fakulta medzinárodných vzťahov EU. Katedra medzinárodných politických vzťahov